El gran Gatsby
Guardat en:
| Autor principal: | |
|---|---|
| Format: | Llibre |
| Idioma: | espanyol |
| Publicat: |
Barcelona
Debolsillo
2015
|
| Edició: | 1a. ed |
| Col·lecció: | Contemporánea
|
| Matèries: | |
| Etiquetes: |
Afegir etiqueta
Sense etiquetes, Sigues el primer a etiquetar aquest registre!
|
MARC
| LEADER | 00000cam a2200000 a 4500 | ||
|---|---|---|---|
| 001 | UCD6244 | ||
| 003 | CL-VaPUC | ||
| 008 | 161124e20150600sp |||||||||||||||||spa|d | ||
| 020 | |a 9788490628645 | ||
| 082 | 0 | 4 | |a 813 |b FIT |2 21 |
| 100 | 0 | |a Fitzgerald, Francis Scott |e author |9 371937 | |
| 245 | 1 | 3 | |a El gran Gatsby |
| 250 | |a 1a. ed | ||
| 300 | |a 187 p | ||
| 942 | |c BK | ||
| 945 | |d 20161124 22:47:00 |a arojas | ||
| 260 | |a Barcelona |b Debolsillo |c 2015 | ||
| 650 | 0 | |a Novelas estadounidenses |9 265217 | |
| 650 | 0 | |a Literatura estadounidense |9 317168 | |
| 583 | |a last modification |c 20161124 22:47:00 |k Rodrigo Vera | ||
| 490 | 0 | |a Contemporánea | |
| 999 | |c 366601 |d 366599 | ||
| 952 | |0 0 |1 0 |3 erb |4 0 |6 813_000000000000000_FIT_2015 |7 0 |8 A |9 480978 |a BIBGIM |b BIBGIM |i 5349893 |l 5 |o 813 FIT 2015 |p 5349893 |r 2025-01-15 |s 2024-08-21 |w 2019-11-24 |y BK |z Catalogado en:20161124 |k COM | ||